[Event "IECG CP.2009.P.00014 email"]
[Site "IECG email"]
[Date "2009.10.01"]
[Round "?"]
[White "Pereira, Prashant"]
[Black "Gaffney, Peter"]
[Result "0-1"]
[WhiteElo "1298"]
[BlackElo "1435"]
[PlyCount "36"]
[EventDate "2009.10.01"]
[EventType "tourn (corr)"]
[EventRounds "6"]
[EventCountry "ARG"]
[SourceTitle "Corr 2024"]
[Source "ChessBase"]
[SourceDate "2023.10.19"]
[SourceVersion "1"]
[SourceVersionDate "2023.10.19"]
[SourceQuality "1"]

1. d4 Nf6 2. c4 g6 3. Nc3 Bg7 4. e4 d6 5. f3 0-0 6. Be3 Nc6 7. Qd2 a5 8. Nge2 Rb8 9. Nc1 Nd7 10. Nb3 Ra8 11. a4 e5 12. d5 Nb4 13. c5 f5 14. cxd6 cxd6 15. 0-0-0 fxe4 16. fxe4 Nb6 17. Nb5 Bg4 18. Re1 Rxf1 0-1

[Event "IECG CP.2006.P.00002 email"]
[Site "IECG email"]
[Date "2006.10.01"]
[Round "?"]
[White "Trevis, Robert R"]
[Black "Pereira, Prashant"]
[Result "1/2-1/2"]
[WhiteElo "1299"]
[BlackElo "1301"]
[PlyCount "78"]
[EventDate "2006.10.01"]
[EventType "tourn (corr)"]
[EventRounds "6"]
[SourceTitle "Corr 2011"]
[Source "ChessBase"]
[SourceDate "2010.08.31"]
[SourceVersion "1"]
[SourceVersionDate "2010.08.31"]
[SourceQuality "1"]

1. e4 c5 2. Nf3 d6 3. d4 cxd4 4. Nxd4 Nf6 5. Nc3 a6 6. Be2 e6 7. 0-0 Be7 8. Qd3 Qc7 9. Qg3 Nc6 10. Nxc6 Qxc6 11. Qxg7 Rg8 12. Qh6 Bd7 13. Qh4 0-0-0 14. Bg5 Rg6 15. Bh5 Nxh5 16. Bxe7 Re8 17. Rad1 d5 18. exd5 exd5 19. Nxd5 Ng7 20. c4 Nf5 21. Qh3 Rxe7 22. Qxh7 Kb8 23. b3 Re8 24. Qxf7 Rg7 25. Qf6 Reg8 26. g3 Rh7 27. Rfe1 Rh6 28. Qe5+ Ka7 29. Qf4 Rh4 30. Qf3 Qh6 31. Ne7 Nxe7 32. Rxd7 Nc6 33. Qf7 Rf8 34. Rxb7+ Ka8 35. Re8+ Rxe8 36. Ra7+ Nxa7 37. Qxe8+ Kb7 38. Qd7+ Kb6 39. Qd8+ Kc5 1/2-1/2

[Event "IECG TE.2006.P.02210"]
[Site "IECG email"]
[Date "2006.06.19"]
[Round "?"]
[White "Pereira, Prashant"]
[Black "Reede, Arvo"]
[Result "1/2-1/2"]
[WhiteElo "1302"]
[BlackElo "1825"]
[PlyCount "27"]
[EventDate "2006.06.19"]
[EventType "tourn (corr)"]
[EventRounds "2"]
[SourceTitle "Corr 2024"]
[Source "ChessBase"]
[SourceDate "2023.10.19"]
[SourceVersion "1"]
[SourceVersionDate "2023.10.19"]
[SourceQuality "1"]

1. d4 f5 2. e4 fxe4 3. Nc3 Nf6 4. Bg5 Nc6 5. d5 Ne5 6. Qd4 d6 7. 0-0-0 c5 8. Qd2 Qb6 9. Bxf6 gxf6 10. Nxe4 Bd7 11. f4 Bh6 12. g3 f5 13. Nc3 0-0-0 14. Kb1 1/2-1/2

[Event "IECG TE.2006.P.02210"]
[Site "IECG email"]
[Date "2006.06.19"]
[Round "?"]
[White "Reede, Arvo"]
[Black "Pereira, Prashant"]
[Result "1/2-1/2"]
[WhiteElo "1825"]
[BlackElo "1302"]
[PlyCount "31"]
[EventDate "2006.06.19"]
[EventType "tourn (corr)"]
[EventRounds "2"]
[SourceTitle "Corr 2008"]
[Source "ChessBase"]
[SourceDate "2008.06.24"]
[SourceVersion "1"]
[SourceVersionDate "2008.06.24"]
[SourceQuality "1"]

1. d4 f5 2. e4 fxe4 3. Nc3 Nf6 4. Bg5 Nc6 5. d5 Ne5 6. Qd4 Nf7 7. Bxf6 exf6 8. Nxe4 f5 9. Ng3 g6 10. 0-0-0 Bh6+ 11. f4 0-0 12. Nf3 Bg7 13. Qd2 Qf6 14. c3 Nd6 15. Re1 a5 16. h4 1/2-1/2

[Event "IECG TE.2006.P.02123 email"]
[Site "IECG email"]
[Date "2006.03.17"]
[Round "?"]
[White "Borst, John"]
[Black "Pereira, Prashant"]
[Result "0-1"]
[WhiteElo "1995"]
[BlackElo "1302"]
[PlyCount "26"]
[EventDate "2006.03.17"]
[EventType "tourn (corr)"]
[EventRounds "12"]
[SourceTitle "Corr 2024"]
[Source "ChessBase"]
[SourceDate "2023.10.19"]
[SourceVersion "1"]
[SourceVersionDate "2023.10.19"]
[SourceQuality "1"]

1. e4 c5 2. f4 d5 3. Nc3 dxe4 4. Nxe4 e6 5. Nf3 Nf6 6. Nxf6+ Qxf6 7. d4 Nc6 8. dxc5 Bxc5 9. Ng5 0-0 10. Bd3 g6 11. Ne4 Qh4+ 12. g3 Qe7 13. Nxc5 Qxc5 0-1

[Event "IECG TE.2006.P.02123 email"]
[Site "IECG email"]
[Date "2006.03.17"]
[Round "?"]
[White "Pereira, Prashant"]
[Black "Borst, John"]
[Result "1-0"]
[WhiteElo "1302"]
[BlackElo "1995"]
[PlyCount "29"]
[EventDate "2006.03.17"]
[EventType "tourn (corr)"]
[EventRounds "12"]
[SourceTitle "Corr 2024"]
[Source "ChessBase"]
[SourceDate "2023.10.19"]
[SourceVersion "1"]
[SourceVersionDate "2023.10.19"]
[SourceQuality "1"]

1. e4 c5 2. f4 d5 3. exd5 Nf6 4. Bb5+ Bd7 5. Bxd7+ Qxd7 6. c4 e6 7. dxe6 Qxe6+ 8. Qe2 Bd6 9. Qxe6+ fxe6 10. d3 Nc6 11. Ne2 Nb4 12. Kd2 0-0 13. Nbc3 Bc7 14. d4 cxd4 15. Nb5 1-0

[Event "IECG CP.2005.P.00124"]
[Site "IECG email"]
[Date "2005.10.01"]
[Round "?"]
[White "Pereira, Prashant"]
[Black "Desrochers, Marcel"]
[Result "0-1"]
[WhiteElo "1301"]
[BlackElo "714"]
[PlyCount "46"]
[EventDate "2005.10.01"]
[EventType "tourn (corr)"]
[EventRounds "6"]
[SourceTitle "Corr 2008"]
[Source "ChessBase"]
[SourceDate "2008.06.24"]
[SourceVersion "1"]
[SourceVersionDate "2008.06.24"]
[SourceQuality "1"]

1. e4 e5 2. Nf3 Nc6 3. Bb5 Nge7 4. 0-0 d6 5. d4 exd4 6. Nxd4 Bd7 7. Nc3 Nxd4 8. Qxd4 Bxb5 9. Nxb5 Nc6 10. Qc3 a6 11. Nd4 Nxd4 12. Qxd4 Qe7 13. Re1 Qe5 14. Qc4 c5 15. f4 Qe6 16. Qa4+ b5 17. Qa5 Be7 18. Bd2 Qd7 19. a4 b4 20. c3 Bd8 21. Qxd8+ Qxd8 22. cxb4 cxb4 23. Bxb4 Qb6+ 0-1

[Event "IECG TE.2005.P.01906"]
[Site "IECG email"]
[Date "2005.07.28"]
[Round "?"]
[White "Pereira, Prashant"]
[Black "Pott, Brian"]
[Result "1/2-1/2"]
[WhiteElo "1301"]
[BlackElo "1944"]
[PlyCount "35"]
[EventDate "2005.07.28"]
[EventType "tourn (corr)"]
[EventRounds "8"]
[SourceTitle "Corr 2008"]
[Source "ChessBase"]
[SourceDate "2008.06.24"]
[SourceVersion "1"]
[SourceVersionDate "2008.06.24"]
[SourceQuality "1"]

1. d4 d5 2. e4 dxe4 3. Nc3 Nf6 4. f3 e3 5. Bxe3 e6 6. Bd3 Bb4 7. Nge2 Nd5 8. Bf2 Nc6 9. 0-0 0-0 10. Ne4 Be7 11. c3 f5 12. N4g3 Bd6 13. Qd2 Qh4 14. Rfe1 Rf6 15. Nf1 Qh5 16. Neg3 Qf7 17. Ne2 Rh6 18. Neg3 1/2-1/2

[Event "IECG TE.2005.P.01906"]
[Site "IECG email"]
[Date "2005.07.28"]
[Round "?"]
[White "Pereira, Prashant"]
[Black "Wood, Brian B"]
[Result "1-0"]
[WhiteElo "1301"]
[BlackElo "968"]
[PlyCount "39"]
[EventDate "2005.07.28"]
[EventType "tourn (corr)"]
[EventRounds "8"]
[SourceTitle "Corr 2008"]
[Source "ChessBase"]
[SourceDate "2008.06.24"]
[SourceVersion "1"]
[SourceVersionDate "2008.06.24"]
[SourceQuality "1"]

1. d4 d5 2. e4 dxe4 3. Nc3 Nf6 4. f3 exf3 5. Nxf3 e6 6. Bc4 Be7 7. 0-0 0-0 8. Qd3 Nbd7 9. Bg5 Nb6 10. Bb3 c5 11. Ne2 h6 12. Bh4 cxd4 13. Nexd4 Re8 14. c3 Bc5 15. Bc2 Nbd7 16. Rae1 Qc7 17. Kh1 e5 18. Nxe5 Rxe5 19. Bg3 Bb6 20. Nb5 1-0

[Event "IECG TE.2004.P.01703 email"]
[Site "IECG email"]
[Date "2004.12.27"]
[Round "?"]
[White "Niewold, Jaap"]
[Black "Pereira, Prashant"]
[Result "1-0"]
[WhiteElo "1731"]
[BlackElo "1259"]
[PlyCount "35"]
[EventDate "2004.12.27"]
[EventType "tourn (corr)"]
[EventRounds "8"]
[SourceTitle "Corr 2008"]
[Source "ChessBase"]
[SourceDate "2008.06.24"]
[SourceVersion "1"]
[SourceVersionDate "2008.06.24"]
[SourceQuality "1"]

1. b4 e5 2. Bb2 d6 3. Bxe5 dxe5 4. c3 Nf6 5. e3 Be6 6. Nf3 Nbd7 7. d4 Bd6 8. Be2 0-0 9. 0-0 Nb6 10. dxe5 Bxe5 11. Nxe5 Qe7 12. Qd4 Rad8 13. Qf4 Rd6 14. c4 Nbd7 15. c5 Rd5 16. Nf3 Bg4 17. Qxc7 Qe4 18. Nc3 1-0

[Event "IECG TE.2004.P.01703 email"]
[Site "IECG email"]
[Date "2004.12.27"]
[Round "?"]
[White "Pereira, Prashant"]
[Black "Ermolaev, Andrey Stanislavovi"]
[Result "0-1"]
[WhiteElo "1259"]
[BlackElo "1850"]
[PlyCount "60"]
[EventDate "2004.12.27"]
[EventType "tourn (corr)"]
[EventRounds "8"]
[SourceTitle "Corr 2008"]
[Source "ChessBase"]
[SourceDate "2008.06.24"]
[SourceVersion "1"]
[SourceVersionDate "2008.06.24"]
[SourceQuality "1"]

1. b4 f5 2. Bb2 Nf6 3. Nf3 e6 4. a3 d5 5. c4 dxc4 6. e3 b5 7. Be2 a6 8. Ne5 Bb7 9. Bf3 Bxf3 10. Qxf3 Qd5 11. Ke2 c6 12. Qxd5 cxd5 13. d3 Bd6 14. Nd2 0-0 15. Ndf3 Nbd7 16. Rhd1 Nxe5 17. Nxe5 Rfc8 18. Rac1 Ra7 19. dxc4 Bxe5 20. Bxe5 bxc4 21. Rc3 a5 22. f3 axb4 23. axb4 Nd7 24. Bg3 Ra4 25. Rb1 f4 26. Bxf4 e5 27. Bg3 d4 28. exd4 exd4 29. Rcc1 Ra2+ 30. Kf1 c3 0-1

[Event "IECG TE.2004.P.01703 email"]
[Site "IECG email"]
[Date "2004.12.27"]
[Round "?"]
[White "Pereira, Prashant"]
[Black "Niewold, Jaap"]
[Result "1/2-1/2"]
[WhiteElo "1259"]
[BlackElo "1731"]
[PlyCount "50"]
[EventDate "2004.12.27"]
[EventType "tourn (corr)"]
[EventRounds "8"]
[SourceTitle "Corr 2008"]
[Source "ChessBase"]
[SourceDate "2008.06.24"]
[SourceVersion "1"]
[SourceVersionDate "2008.06.24"]
[SourceQuality "1"]

1. b4 e5 2. Bb2 Bxb4 3. Bxe5 Nf6 4. Nf3 0-0 5. e3 Nc6 6. Bb2 d5 7. Be2 Bg4 8. 0-0 Be7 9. c4 Qd6 10. d4 Rad8 11. Nbd2 Rfe8 12. c5 Qd7 13. Bc3 Bf8 14. Rb1 Rb8 15. Qc2 Bf5 16. Bd3 Bxd3 17. Qxd3 b6 18. cxb6 axb6 19. Rfc1 Ra8 20. Rc2 Bd6 21. Qb5 Ne7 22. Kf1 Qxb5+ 23. Rxb5 Ra4 24. Rbb2 Ng6 25. g3 Rea8 1/2-1/2

[Event "IECG TE.2004.P.01607 email"]
[Site "IECG email"]
[Date "2004.09.22"]
[Round "?"]
[White "Pott, Brian"]
[Black "Pereira, Prashant"]
[Result "1-0"]
[WhiteElo "1746"]
[BlackElo "1259"]
[PlyCount "35"]
[EventDate "2004.09.22"]
[EventType "tourn (corr)"]
[EventRounds "8"]
[SourceTitle "Corr 2008"]
[Source "ChessBase"]
[SourceDate "2008.06.24"]
[SourceVersion "1"]
[SourceVersionDate "2008.06.24"]
[SourceQuality "1"]

1. e4 c6 2. d4 d5 3. e5 Bf5 4. Nf3 e6 5. Be2 Nd7 6. 0-0 c5 7. c4 Ne7 8. Nc3 cxd4 9. Nb5 Nc6 10. cxd5 Ncxe5 11. Nbxd4 Qf6 12. Nxe5 Qxe5 13. Nxf5 Qxf5 14. dxe6 fxe6 15. Bg4 Qb5 16. Bxe6 Nf6 17. Bb3 Qd7 18. Ba4 1-0

[Event "IECG TE.2004.P.01607 email"]
[Site "IECG email"]
[Date "2004.09.22"]
[Round "?"]
[White "Precerutti, Juan Arturo"]
[Black "Pereira, Prashant"]
[Result "1-0"]
[WhiteElo "1813"]
[BlackElo "1259"]
[PlyCount "53"]
[EventDate "2004.09.22"]
[EventType "tourn (corr)"]
[EventRounds "8"]
[SourceTitle "Corr 2008"]
[Source "ChessBase"]
[SourceDate "2008.06.24"]
[SourceVersion "1"]
[SourceVersionDate "2008.06.24"]
[SourceQuality "1"]

1. e4 c6 2. d4 d5 3. e5 Bf5 4. g4 Be4 5. f3 Bg6 6. h4 h5 7. Ne2 hxg4 8. Nf4 Bf5 9. fxg4 Be4 10. Rh2 e6 11. g5 Ne7 12. c3 Ng6 13. Nxg6 Bxg6 14. Bd3 Bxd3 15. Qxd3 c5 16. Be3 Nc6 17. Nd2 Qb6 18. g6 0-0-0 19. Nf3 c4 20. Qc2 f5 21. exf6 gxf6 22. 0-0-0 e5 23. Qf5+ Kb8 24. Qxf6 Be7 25. Qe6 e4 26. Bf4+ Ka8 27. Ne5 1-0

[Event "IECG CP.2003.P.00078 email"]
[Site "IECG email"]
[Date "2003.10.01"]
[Round "?"]
[White "Pereira, Prashant"]
[Black "Coulomb, April"]
[Result "1-0"]
[WhiteElo "1400"]
[BlackElo "800"]
[PlyCount "39"]
[EventDate "2003.10.01"]
[EventType "tourn (corr)"]
[EventRounds "6"]
[EventCountry "GER"]
[SourceTitle "Corr 2008"]
[Source "ChessBase"]
[SourceDate "2008.06.24"]
[SourceVersion "1"]
[SourceVersionDate "2008.06.24"]
[SourceQuality "1"]

1. e4 c5 2. Nf3 d6 3. d4 cxd4 4. Nxd4 Nf6 5. Nc3 g6 6. Be3 Bg7 7. f3 Nc6 8. Qd2 0-0 9. Bc4 Bd7 10. Bb3 Qa5 11. 0-0-0 Rfc8 12. h4 Ne5 13. g4 b5 14. h5 b4 15. Nd5 Nxd5 16. exd5 Nc4 17. Bxc4 Rxc4 18. Kb1 Qxd5 19. hxg6 hxg6 20. Qh2 1-0